[Event "ROM-ch U10"]
[Site "Calimanesti Caciulata"]
[Date "2019.04.20"]
[Round "7"]
[White "Ilie, Sebastian Gabriel"]
[Black "Cuzub, David"]
[Result "0-1"]
[WhiteElo "1052"]
[BlackElo "1180"]
[PlyCount "34"]
[EventDate "2019.04.15"]
[EventType "swiss"]
[EventRounds "9"]
[EventCountry "ROU"]
[SourceTitle "CBM 190 Extra"]
[Source "ChessBase"]
[SourceDate "2019.07.15"]
[SourceVersion "1"]
[SourceVersionDate "2019.07.15"]
[SourceQuality "1"]

1. d4 d5 2. Nf3 e6 3. Bf4 Nf6 4. e3 c5 5. c4 Be7 6. Bd3 Nc6 7. 0-0 0-0 8. Nbd2 b6 9. Re1 Bb7 10. Nb3 Nb4 11. dxc5 bxc5 12. Na5 Qxa5 13. Qd2 Qb6 14. Be2 dxc4 15. Bxc4 Bxf3 16. gxf3 Rad8 17. Kh1 Rxd2 0-1

[Event "ROM-ch U10"]
[Site "Calimanesti Caciulata"]
[Date "2019.04.17"]
[Round "4"]
[White "Cuzub, David"]
[Black "Pislaru, Victor"]
[Result "1-0"]
[WhiteElo "1180"]
[BlackElo "1079"]
[PlyCount "63"]
[EventDate "2019.04.15"]
[EventType "swiss"]
[EventRounds "9"]
[EventCountry "ROU"]
[SourceTitle "CBM 190 Extra"]
[Source "ChessBase"]
[SourceDate "2019.07.15"]
[SourceVersion "1"]
[SourceVersionDate "2019.07.15"]
[SourceQuality "1"]

1. d4 Nf6 2. c4 e6 3. Nc3 Bb4 4. Bg5 0-0 5. Nf3 b6 6. e3 Bb7 7. Bd3 d6 8. 0-0 Bxc3 9. bxc3 Nbd7 10. Re1 c5 11. e4 Qc7 12. d5 e5 13. Qc2 Rfb8 14. Reb1 Bc8 15. Nd2 Rb7 16. Rb2 Rab8 17. Rab1 h6 18. Bh4 Nh7 19. h3 Ndf6 20. Bg3 Bd7 21. f4 Nh5 22. Bh2 Nxf4 23. Bxf4 exf4 24. Rf1 g5 25. h4 f6 26. e5 fxe5 27. Bxh7+ Kg7 28. Qg6+ Kf8 29. Qxh6+ Ke8 30. Bg6+ Kd8 31. Qf8+ Be8 32. Qxe8# 1-0

[Event "ROM-ch U10"]
[Site "Calimanesti Caciulata"]
[Date "2019.04.16"]
[Round "2"]
[White "Cuzub, David"]
[Black "Moraru, Mircea Antoniu"]
[Result "1-0"]
[WhiteElo "1180"]
[BlackElo "1094"]
[PlyCount "62"]
[EventDate "2019.04.15"]
[EventType "swiss"]
[EventRounds "9"]
[EventCountry "ROU"]
[SourceTitle "CBM 190 Extra"]
[Source "ChessBase"]
[SourceDate "2019.07.15"]
[SourceVersion "1"]
[SourceVersionDate "2019.07.15"]
[SourceQuality "1"]

1. e4 e6 2. d4 d5 3. exd5 exd5 4. c4 Be6 5. cxd5 Qxd5 6. Nc3 Qd8 7. Nf3 Bb4 8. Be2 Nc6 9. Be3 Nf6 10. 0-0 Qd7 11. Qc2 0-0-0 12. Bb5 h5 13. Ne5 Qe8 14. Qa4 Bxc3 15. Nxc6 bxc6 16. Bxc6 Qxc6 17. Qxc6 Bxb2 18. Rab1 Ba3 19. Qa6+ Kd7 20. Qxa3 Bf5 21. Qa4+ Ke7 22. Rb7 Rc8 23. Qxa7 Kd8 24. Rb8 Kd7 25. Rxc8 Rxc8 26. Bg5 Ne4 27. Qa4+ c6 28. Bf4 g5 29. Qa7+ Ke6 30. Bc1 Rd8 31. Re1 Kf6 1-0

[Event "ROM-ch U08"]
[Site "Calimanesti"]
[Date "2018.04.02"]
[Round "8"]
[White "Dimitriu, Filip"]
[Black "Cuzub, David"]
[Result "0-1"]
[WhiteElo "1203"]
[BlackElo "1145"]
[PlyCount "92"]
[EventDate "2018.03.27"]
[EventType "swiss"]
[EventRounds "9"]
[EventCountry "ROU"]
[SourceTitle "CBM 183 Extra"]
[Source "ChessBase"]
[SourceDate "2018.04.19"]
[SourceVersion "1"]
[SourceVersionDate "2018.04.19"]
[SourceQuality "1"]

1. d4 d6 2. e4 Nf6 3. Nc3 g6 4. Nf3 Bg7 5. Be3 Nbd7 6. Bd3 e5 7. dxe5 dxe5 8. Bc4 0-0 9. 0-0 b6 10. Qd2 Bb7 11. Bh6 Nxe4 12. Nxe4 Bxe4 13. Bxg7 Kxg7 14. Ng5 Bf5 15. Rfe1 f6 16. Nf3 Nc5 17. Qxd8 Rfxd8 18. c3 Bd3 19. Bxd3 Rxd3 20. Rad1 Rad8 21. Rxd3 Rxd3 22. Kf1 g5 23. Ke2 Rd6 24. g4 Nd3 25. Rb1 c5 26. h4 e4 27. Nd2 Nf4+ 28. Ke3 Rd3+ 29. Kxe4 Rxd2 30. hxg5 fxg5 31. Kf5 h6 32. Re1 Kf8 33. b4 Rxf2 34. Ke4 Re2+ 35. Rxe2 Nxe2 36. Kd3 Nf4+ 37. Kc4 Ne6 38. bxc5 bxc5 39. Kd5 Ke7 40. c4 Kd7 41. a4 a5 42. Ke5 Nf4 43. Kf6 Kd6 44. Kg7 h5 45. gxh5 Nxh5+ 46. Kg6 g4 0-1

[Event "ROM-ch U08"]
[Site "Calimanesti"]
[Date "2018.03.31"]
[Round "6"]
[White "Bratasanu, Vlad1111"]
[Black "Cuzub, David"]
[Result "0-1"]
[WhiteElo "1039"]
[BlackElo "1145"]
[PlyCount "104"]
[EventDate "2018.03.27"]
[EventType "swiss"]
[EventRounds "9"]
[EventCountry "ROU"]
[SourceTitle "CBM 183 Extra"]
[Source "ChessBase"]
[SourceDate "2018.04.19"]
[SourceVersion "1"]
[SourceVersionDate "2018.04.19"]
[SourceQuality "1"]

1. e4 c5 2. c3 e5 3. Nf3 Nc6 4. Bc4 Be7 5. d3 Nf6 6. 0-0 0-0 7. Bg5 h6 8. Be3 d5 9. Bb3 dxe4 10. dxe4 Nxe4 11. Bd5 Nf6 12. Bxc6 bxc6 13. Qa4 Qd6 14. Rd1 Qc7 15. Nbd2 Be6 16. Nc4 Bxc4 17. Qxc4 Nd7 18. Rd2 Nb6 19. Qb3 Rfd8 20. Rad1 Rxd2 21. Rxd2 Nd5 22. c4 Nxe3 23. Qxe3 f6 24. Nh4 Rd8 25. h3 Rxd2 26. Qxd2 Qd8 27. Qc2 Qa5 28. Nf5 Bf8 29. a3 Kf7 30. Qe4 Qd2 31. Qxc6 Qxb2 32. Qd5+ Kg6 33. Qf3 Qb1+ 34. Kh2 Qxf5 35. Qg3+ Kf7 36. Qb3 Qf4+ 37. g3 Qxf2+ 38. Kh1 Bd6 39. Qb7+ Kg6 40. Qd7 Qd2 41. Qe8+ Kh7 42. Qe6 Qd3 43. Qg4 Qb1+ 44. Kh2 Qg6 45. Qd7 Qd3 46. Qg4 Bc7 47. Qc8 Ba5 48. Qxc5 Qd2+ 49. Kh1 Bb6 50. Qc6 Qe1+ 51. Kg2 Qf2+ 52. Kh1 Qg1# 0-1

[Event "ROM-ch U08"]
[Site "Calimanesti"]
[Date "2018.03.29"]
[Round "4"]
[White "Cuzub, David"]
[Black "Piscoran, Alexander"]
[Result "1-0"]
[WhiteElo "1145"]
[BlackElo "1028"]
[PlyCount "67"]
[EventDate "2018.03.27"]
[EventType "swiss"]
[EventRounds "9"]
[EventCountry "ROU"]
[SourceTitle "CBM 183 Extra"]
[Source "ChessBase"]
[SourceDate "2018.04.19"]
[SourceVersion "1"]
[SourceVersionDate "2018.04.19"]
[SourceQuality "1"]

1. d4 d5 2. Nf3 Nf6 3. g3 Bf5 4. Bg2 e6 5. c4 c6 6. cxd5 Bxb1 7. Rxb1 Qxd5 8. a3 Qa2 9. Bg5 Be7 10. 0-0 0-0 11. Re1 Nbd7 12. e4 Rfe8 13. e5 Nd5 14. Bxe7 Rxe7 15. Qc2 b5 16. Qxc6 Rb8 17. Rec1 Ree8 18. Qxd7 Rbd8 19. Qxa7 Ra8 20. Qc5 Rac8 21. Qxb5 Rb8 22. Qc4 Qxc4 23. Rxc4 Nb6 24. Rb4 Nd5 25. Rxb8 Rxb8 26. Nd2 Rc8 27. Bxd5 exd5 28. b4 Rc2 29. Nf1 Kf8 30. b5 Rc8 31. b6 Rb8 32. b7 Ke7 33. a4 Kd7 34. a5 1-0

[Event "ROM-ch U08"]
[Site "Calimanesti"]
[Date "2018.03.29"]
[Round "3"]
[White "Vasilescu, Ioan M"]
[Black "Cuzub, David"]
[Result "0-1"]
[WhiteElo "1008"]
[BlackElo "1145"]
[PlyCount "83"]
[EventDate "2018.03.27"]
[EventType "swiss"]
[EventRounds "9"]
[EventCountry "ROU"]
[SourceTitle "CBM 183 Extra"]
[Source "ChessBase"]
[SourceDate "2018.04.19"]
[SourceVersion "1"]
[SourceVersionDate "2018.04.19"]
[SourceQuality "1"]

1. e4 c5 2. Nf3 e6 3. Bc4 Nf6 4. d3 d5 5. exd5 exd5 6. Bb5+ Bd7 7. Qe2+ Be7 8. Bxd7+ Nbxd7 9. 0-0 0-0 10. Re1 Re8 11. Nfd2 Bf8 12. Qf1 Rxe1 13. Qxe1 Qe8 14. Qd1 Qe6 15. Nf3 Re8 16. h3 Qe2 17. Qxe2 Rxe2 18. Nbd2 Bd6 19. b3 Kf8 20. Bb2 g5 21. Bc3 h6 22. b4 cxb4 23. Bb2 Ke7 24. Bc1 Bc5 25. d4 Bb6 26. a3 a5 27. c4 dxc4 28. Nxc4 Rc2 29. Nxb6 Nxb6 30. Nxg5 hxg5 31. Bxg5 b3 32. g3 b2 33. Rb1 Nc4 34. Bxf6+ Kxf6 35. h4 Rc1+ 36. Rxc1 bxc1Q+ 37. Kg2 Qd2 38. g4 Ne3+ 39. Kg3 Nxg4 40. Kxg4 Qc1 41. f4 Qxa3 42. h5 0-1

[Event "ROM-ch U08"]
[Site "Calimanesti"]
[Date "2018.03.27"]
[Round "1"]
[White "Cioculeasa, George Matei"]
[Black "Cuzub, David"]
[Result "0-1"]
[WhiteElo "1001"]
[BlackElo "1145"]
[PlyCount "36"]
[EventDate "2018.03.27"]
[EventType "swiss"]
[EventRounds "9"]
[EventCountry "ROU"]
[SourceTitle "CBM 183 Extra"]
[Source "ChessBase"]
[SourceDate "2018.04.19"]
[SourceVersion "1"]
[SourceVersionDate "2018.04.19"]
[SourceQuality "1"]

1. e4 e5 2. Nf3 Nc6 3. Bb5 d6 4. Bxc6+ bxc6 5. Nc3 Nf6 6. d3 Bg4 7. Bg5 h6 8. Bxf6 Qxf6 9. 0-0 Bxf3 10. gxf3 Qg5+ 11. Kh1 Be7 12. Rg1 Qf6 13. Rg2 0-0 14. Kg1 Rab8 15. Rb1 Rfd8 16. Qe2 d5 17. Rd1 Rxb2 18. h3 d4 0-1